000 00346nam a2200145Ia 4500
008 191201s2005 xx 000 0 und d
082 _a510
_bELG
100 _aGREWAL, B S
245 0 _aElementary Engineering Mathematics
250 _a2nd
260 _aN.Delhi
_bKhanna Publisher
_c2005
300 _a539
650 _aApplied
942 _2ddc
_cBK
999 _c1674
_d1674